[Event "3rd Vergani Cup 2018"]
[Site "Montebelluna"]
[Date "2019.01.02"]
[Round "?"]
[White "Kaasen, Tor Fredrik"]
[Black "Seresin, Francesco"]
[Result "0-1"]
[WhiteElo "2409"]
[BlackElo "2258"]
[PlyCount "86"]
[EventDate "2018.12.27"]
[EventType "swiss"]
[EventCountry "ITA"]
[TimeControl "5400+30"]
[WhiteClock "0:01:03"]
[BlackClock "0:00:32"]

1. e4 {[%emt 0:00:00]} c5 {[%emt 0:00:29]} 2. Nf3 {[%emt 0:00:00]} d6 {[%emt 0:00:28]} 3. Bb5+ {[%emt 1:31:30]} Nd7 {[%emt 0:00:27]} 4. O-O {[%emt 0:00:00]} a6 {[%emt 0:00:29]} 5. Bd3 {[%emt 0:00:00]} Ngf6 {[%emt 0:00:46]} 6. Re1 {[%emt 0:00:00]} e6 {[%emt 0:01:07]} 7. c3 {[%emt 0:00:00]} Be7 {[%emt 0:00:31]} 8. Bc2 {[%emt 0:00:00]} b5 {[%emt 0:01:20]} 9. d4 {[%emt 0:00:00]} Bb7 {[%emt 0:00:46]} 10. Bf4 {[%emt 0:00:00]} O-O {[%emt 0:06:31]} 11. h3 {[%emt 0:00:00]} Re8 {[%emt 0:04:23]} 12. Bg3 {[%emt 0:00:00]} Rc8 {[%emt 0:11:24]} 13. Nbd2 {[%emt 0:00:00]} cxd4 {[%emt 0:11:37]} 14. cxd4 {[%emt 0:00:00]} Qb6 {[%emt 0:00:31]} 15. Bd3 {[%emt 0:00:00]} e5 {[%emt 0:11:09]} 16. Nb3 {[%emt 0:00:00]} Bf8 {[%emt 0:06:49]} 17. dxe5 {[%emt 0:00:00]} dxe5 {[%emt 0:02:23]} 18. Qe2 {[%emt 0:00:00]} Nh5 {[%emt 0:04:51]} 19. Bh2 {[%emt 0:00:00]} g6 {[%emt 0:06:01]} 20. Rad1 {[%emt 0:00:00]} Rc7 {[%emt 0:03:15]} 21. Qd2 {[%emt 0:00:00]} f6 {[%emt 0:00:50]} 22. Rc1 {[%emt 0:00:00]} Rec8 {[%emt 0:02:14]} 23. Rxc7 {[%emt 0:00:00]} Rxc7 {[%emt 0:00:06]} 24. Rc1 {[%emt 0:00:00]} Ng7 {[%emt 0:00:39]} 25. Rxc7 {[%emt 0:01:18]} Qxc7 {[%emt 0:00:05]} 26. Qc2 {[%emt 0:04:51]} Qb6 {[%emt 0:07:50]} 27. Nfd2 {[%emt 0:01:52]} Ne6 {[%emt 0:00:29]} 28. Kf1 {[%emt 0:00:44]} a5 {[%emt 0:01:02]} 29. f3 {[%emt 0:02:00]} a4 {[%emt 0:01:13]} 30. Nc1 {[%emt 0:00:06]} Bc5 {[%emt 0:07:34]} 31. Ne2 {[%emt 0:00:52]} Kg7 {[%emt 0:01:14]} 32. Nb1 {[%emt 0:01:01]} Nd4 {[%emt 0:04:21]} 33. Nxd4 {[%emt 0:00:26]} Bxd4 {[%emt 0:00:04]} 34. Nc3 {[%emt 0:00:27]} Nc5 {[%emt 0:01:06]} 35. Be2 {[%emt 0:01:45]} Bc6 {[%emt 0:01:57]} 36. Bg3 {[%emt 0:00:06]} b4 {[%emt 0:00:39]} 37. Nd1 {[%emt 0:00:41]} b3 {[%emt 0:00:45]} 38. axb3 {[%emt 0:00:04]} Qxb3 {[%emt 0:00:25]} 39. Qxb3 {[%emt 0:00:34]} Nxb3 {[%emt 0:00:37]} 40. Be1 {[%emt 0:00:43]} f5 {[%emt 0:00:44]} 41. exf5 {[%emt 0:00:30]} gxf5 {[%emt 0:00:08]} 42. Bc4 {[%emt 0:00:52]} Kf6 {[%emt 0:01:06]} 43. Bxb3 {[%emt 0:00:36]} Bb5+ {[%emt 0:00:02]} 0-1

[Event "3rd Vergani Cup 2018"]
[Site "Montebelluna"]
[Date "2019.01.02"]
[Round "?"]
[White "Rahul Srivatshav P"]
[Black "Menezes, Christoph"]
[Result "1/2-1/2"]
[WhiteElo "2379"]
[BlackElo "2415"]
[Annotator "TA"]
[PlyCount "46"]
[EventDate "2018.12.27"]
[EventType "swiss"]
[EventCountry "ITA"]

{[%evp 17,46,-38,-15,-25,-14,-22,-15,-18,-15,-11,-5,-7,0,0,0,-9,-11,0,19,24,19,-7,29,18,61,33,38,-4,-1,-12,-12]} 1. Nf3 d5 2. g3 g6 3. Bg2 Bg7 4. O-O Nf6 5. d4 O-O 6. c3 Nbd7 {[%cal Bb8d7,Bd7c5,Bc5e4][%mdl 32]} 7. Nbd2 c5 8. dxc5 Nxc5 9. Nb3 {D02: 1 d4 d5 2 Nf3 sidelines, including 2...Nf6 3 g3 and 2...Nf6 3 Bf4} Nce4 {LiveBook: 4 Games} 10. Bf4 b6 11. a4 $146 ({Predecessor:} 11. Be5 Bb7 12. Qc2 e6 13. a4 Qe7 14. a5 Rfc8 15. Nfd4 Ba6 16. Bxe4 Nxe4 17. Bxg7 Kxg7 {0-1 (54) Norwood,D (2545)-Nunn,J (2630) Germany 1995}) 11... a5 12. Nbd4 Bb7 13. Be5 Re8 14. Nb5 Nd7 15. Bxg7 Kxg7 16. Re1 Rc8 17. Nd2 Nxd2 18. Qxd2 Nf6 19. Rac1 Rb8 20. Red1 Qc8 21. Qd4 Qc5 22. c4 Qxd4 23. Rxd4 {[%cal Rc4d5]} Rec8 {Accuracy: White = 56%, Black = 35%.} 1/2-1/2

[Event "3rd Vergani Cup 2018"]
[Site "Montebelluna"]
[Date "2019.01.02"]
[Round "?"]
[White "Rahul Srivatshav P"]
[Black "Shyam, Sundar M."]
[Result "1/2-1/2"]
[WhiteElo "2379"]
[BlackElo "2509"]
[Annotator "TA"]
[PlyCount "51"]
[EventDate "2018.12.27"]
[EventType "swiss"]
[EventCountry "ITA"]

{[%evp 27,51,78,98,18,29,26,25,41,33,33,23,7,174,176,184,117,123,114,115,120,104,101,125,104,100,67]} 1. d4 Nf6 2. Nf3 g6 3. c4 Bg7 4. Nc3 O-O 5. e4 d6 6. Be2 Na6 7. O-O e5 8. Be3 Ng4 9. Bg5 Qe8 10. dxe5 dxe5 11. h3 h6 12. Bd2 Nf6 {[%cal Bg4f6,Bf6h5,Bh5f4][%mdl 32]} 13. Be3 Nh5 14. c5 {E94: King's Indian: Classical: 6 Be2 e5 7 0-0: Various Black 7th moves} c6 {LiveBook: 10 Games} (14... Nf4 15. Bxa6 bxa6 16. Bxf4 exf4 17. Nd5 Rb8 18. e5 Bb7 19. Nf6+ Bxf6 20. exf6 Qe6 21. Qd4 Bxf3 22. gxf3 Rbd8 23. Qxf4 Rd5 {½-½ (74) Bacrot,E (2700)-Nijboer,F (2561) Khanty-Mansiysk 2009}) 15. Nd2 (15. Bxa6 $16 {Black must now prevent Bc4.} bxa6 16. Qa4) 15... Nf4 $11 16. Bxa6 {White has an edge.} bxa6 17. Ne2 $146 ({Predecessor:} 17. Nc4 Qe6 18. Nd6 Nxg2 19. Kxg2 Qxh3+ 20. Kg1 Bg4 21. f3 Qg3+ 22. Kh1 Qh3+ 23. Kg1 Qg3+ 24. Kh1 Qh4+ 25. Kg1 Qg3+ {½-½ (25) Taggatz,M (2222)-Pfrommer,C (2331) Germany 1999}) 17... Nxh3+ 18. gxh3 Bxh3 19. Re1 f5 $2 {[#]} (19... Rb8 $11) 20. Qb3+ $1 $18 Rf7 21. Nc4 ({Better is} 21. exf5 $18 Bxf5 22. Nc4) 21... Rb8 $16 {White is better.} 22. Nd6 Rxb3 23. Nxe8 Rxb2 24. Rab1 Rxa2 25. Nd6 Rd7 26. Ra1 {Accuracy: White = 59%, Black = 50%.} 1/2-1/2

[Event "3rd Vergani Cup 2018"]
[Site "Montebelluna"]
[Date "2019.01.02"]
[Round "?"]
[White "Rahul Srivatshav P"]
[Black "Ter-Sahakyan, Samvel"]
[Result "0-1"]
[WhiteElo "2379"]
[BlackElo "2574"]
[Annotator "TA"]
[PlyCount "136"]
[EventDate "2018.12.27"]
[EventType "swiss"]
[EventCountry "ITA"]

{[%evp 9,136,14,18,0,-1,-18,-6,-19,-27,-24,32,0,16,12,16,-14,-22,-9,-15,-36,-14,-16,0,-52,-48,-60,-62,-72,-72,-90,-82,-88,-86,-85,-85,-85,-85,-91,-84,-88,-54,-66,-73,-75,-60,-73,-78,-77,-81,-74,-66,-102,-63,-88,-65,-100,-100,-104,-104,-100,-91,-97,-90,-94,-67,-96,-59,-62,-34,-89,-56,-56,-27,-24,-24,-57,-58,-124,-125,-116,0,-56,-55,-56,-50,-50,-8,-23,-8,-50,-8,-50,-50,-50,-50,-51,-51,-431,-424,-406,-401,-1266,-1219,-1538,-1530,-4762,-4128,-2538,-2538,-4762,-4762,-29981,-29982,-29982,-29983,-29983,-29984,-29984,-29985,-29984,-29985,-29985,-29986,-29987,-29988,-29988,-29989,-29989,-29989]} 1. d4 f5 2. Bf4 Nf6 3. e3 g6 4. Bd3 (4. h4 h6 5. Nc3 d6 6. Qf3 c6 7. O-O-O Be6 8. Bd3 Qa5 9. a3 Nbd7 10. e4 O-O-O 11. Nge2 fxe4 12. Nxe4 {½-½ (40) Sjugirov,S (2650)-Nepomniachtchi,I (2729) Riadh 2017}) 4... Bg7 5. Nc3 d6 6. Nge2 $146 {A80: Dutch Defence: Unusual White second moves} ({Predecessor:} 6. Nf3 O-O 7. Ng5 e6 8. O-O h6 9. Nf3 Nc6 10. e4 g5 11. Bc1 {1-0 (36) Khoder,A (1547)-Demerijian,M Beirut 2017}) 6... O-O 7. e4 fxe4 8. Nxe4 {The position is equal.} Nxe4 9. Bxe4 Nc6 (9... c6 $11) 10. c3 e5 11. dxe5 Nxe5 12. O-O c6 $36 {[%mdl 2048] Black has the initiative.} 13. Bc2 d5 14. Rb1 Nc4 15. Bd3 Ne5 16. Rc1 (16. Bc2 $1 $11) 16... Bg4 $15 {White must now prevent ...Rxf4!} 17. f3 Bd7 18. Kh1 Qb6 19. b3 Nxd3 20. Qxd3 Rae8 {And now ...Rxe2! would win.} 21. Bd6 Rf6 22. Bg3 Qe3 23. Qxe3 Rxe3 24. Rfe1 Rfe6 25. Nd4 Rxe1+ 26. Rxe1 Rxe1+ 27. Bxe1 {[%mdl 4096] Endgame KBB-KBN} c5 28. Ne2 Kf7 29. Kg1 a5 30. Bd2 b5 31. a3 a4 32. b4 cxb4 33. cxb4 d4 34. Kf2 Be6 35. Nf4 Bc4 36. h4 Bf6 37. g3 Bd8 38. Nh3 Ke8 39. Ng5 (39. Bg5 $15) 39... h5 40. Ne4 Kd7 41. Bg5 Bb6 42. Ke1 Ke6 43. Kd2 {[#]} (43. Bf4 $15) 43... Bf1 $1 $17 44. Ke1 Bc4 (44... Bg2 $17 45. Bf4 Kd5) 45. Kd2 $15 Bc7 46. g4 $1 hxg4 47. fxg4 Ba2 48. Nc5+ Kd5 49. Nd3 Bb1 50. h5 gxh5 51. gxh5 Kc4 52. Bf4 Bd8 53. Ne5+ $2 {[%mdl 8192] [#]} (53. Nc5 $1 $15) 53... Kb3 $1 $19 54. Nc6 Bf6 55. Na7 (55. Be5 $142 Bg5+ 56. Ke1 Kxa3 57. Nxd4 Kxb4 58. Bd6+ Kc4 59. Nf3) 55... Kxa3 56. Bd6 Bg5+ 57. Ke1 d3 58. Nxb5+ Kb2 59. Nd4 Kc1 60. Nf3 d2+ {Black mates.} 61. Nxd2 Bxd2+ 62. Ke2 a3 {[%cal Ba4a3,Ba3a2][%mdl 32]} 63. b5 a2 64. Be5 Ba5 65. Ke3 Kc2 66. b6 Bxb6+ 67. Kf4 Ba5 68. h6 Bd2+ {Accuracy: White = 33%, Black = 64%.} 0-1

[Event "3rd Vergani Cup 2018"]
[Site "Montebelluna"]
[Date "2019.01.02"]
[Round "?"]
[White "Baglan, Esat"]
[Black "Orfini, Nicolo`"]
[Result "1-0"]
[WhiteElo "2363"]
[BlackElo "2156"]
[PlyCount "97"]
[EventDate "2018.12.27"]
[EventType "swiss"]
[EventCountry "ITA"]
[TimeControl "5400+30"]
[WhiteClock "0:01:59"]
[BlackClock "0:02:12"]

1. e4 {[%emt 0:00:00]} d6 {[%emt 0:09:02]} 2. d4 {[%emt 0:00:00]} Nf6 {[%emt 0:00:05]} 3. Nc3 {[%emt 0:00:00]} e5 {[%emt 0:00:05]} 4. Nf3 {[%emt 0:00:00]} exd4 {[%emt 0:00:09]} 5. Nxd4 {[%emt 0:00:42]} Be7 {[%emt 0:00:06]} 6. Bf4 {[%emt 0:00:15]} O-O {[%emt 0:16:26]} 7. Qd2 {[%emt 0:01:18]} c6 {[%emt 0:01:09]} 8. O-O-O {[%emt 0:01:21]} b5 {[%emt 0:04:27]} 9. f3 {[%emt 0:01:31]} b4 {[%emt 0:02:23]} 10. Nce2 {[%emt 0:02:02]} c5 {[%emt 0:26:43]} 11. Nf5 {[%emt 0:07:30]} Bxf5 {[%emt 0:02:11]} 12. exf5 {[%emt 0:02:31]} Qa5 {[%emt 0:00:39]} 13. Kb1 {[%emt 0:08:25]} c4 {[%emt 0:05:57]} 14. Nd4 {[%emt 0:28:56]} Rc8 {[%emt 0:00:45]} 15. Qe1 {[%emt 0:05:36]} Nd5 {[%emt 0:05:27]} 16. Qe4 {[%emt 0:08:39]} Nd7 {[%emt 0:01:47]} 17. Nc6 {[%emt 0:06:16]} Rxc6 {[%emt 0:00:07]} 18. Rxd5 {[%emt 0:04:41]} Qd8 {[%emt 0:00:03]} 19. Rd4 {[%emt 0:00:30]} Rac8 {[%emt 0:15:12]} 20. Rxc4 {[%emt 0:16:40]} Nc5 {[%emt 0:00:21]} 21. Qd5 {[%emt 0:00:25]} a5 {[%emt 0:02:33]} 22. Be2 {[%emt 0:00:25]} Bf6 {[%emt 0:01:00]} 23. Bc1 {[%emt 0:00:33]} Qe8 {[%emt 0:01:37]} 24. Bd3 {[%emt 0:00:25]} Rb6 {[%emt 0:01:02]} 25. g4 {[%emt 0:00:11]} h6 {[%emt 0:00:46]} 26. h4 {[%emt 0:00:23]} Qe5 {[%emt 0:01:26]} 27. Qxe5 {[%emt 0:00:49]} Bxe5 {[%emt 0:01:04]} 28. Be4 {[%emt 0:00:17]} Bg3 {[%emt 0:00:45]} 29. g5 {[%emt 0:01:00]} h5 {[%emt 0:00:12]} 30. Bd5 {[%emt 0:00:20]} Kf8 {[%emt 0:00:24]} 31. Rg1 {[%emt 0:01:19]} Bf2 {[%emt 0:00:15]} 32. Rg2 {[%emt 0:00:08]} Be1 {[%emt 0:00:08]} 33. Re2 {[%emt 0:00:17]} Re8 {[%emt 0:00:35]} 34. Rxe8+ {[%emt 0:00:24]} Kxe8 {[%emt 0:00:01]} 35. Be3 {[%emt 0:00:07]} Bg3 {[%emt 0:00:44]} 36. Bd4 {[%emt 0:01:38]} g6 {[%emt 0:00:14]} 37. f6 {[%emt 0:01:04]} Rb8 {[%emt 0:00:43]} 38. c3 {[%emt 0:01:12]} bxc3 {[%emt 0:01:32]} 39. Bxc3 {[%emt 0:00:10]} a4 {[%emt 0:00:25]} 40. Kc2 {[%emt 0:00:08]} Kf8 {[%emt 0:00:22]} 41. Bd4 {[%emt 0:00:40]} Na6 {[%emt 0:00:59]} 42. a3 {[%emt 0:00:20]} Nc5 {[%emt 0:00:05]} 43. Rb4 {[%emt 0:01:39]} Rc8 {[%emt 0:00:28]} 44. Kb1 {[%emt 0:00:25]} Nd3 {[%emt 0:00:50]} 45. Rb7 {[%emt 0:00:13]} Rc1+ {[%emt 0:00:17]} 46. Ka2 {[%emt 0:00:01]} Rc8 {[%emt 0:00:24]} 47. Rxf7+ {[%emt 0:00:07]} Ke8 {[%emt 0:00:06]} 48. Re7+ {[%emt 0:00:31]} Kf8 {[%emt 0:00:00]} 49. Rg7 {[%emt 0:00:14]} 1-0

[Event "3rd Vergani Cup 2018"]
[Site "Montebelluna"]
[Date "2019.01.02"]
[Round "?"]
[White "Baglan, Esat"]
[Black "Velten, Paul"]
[Result "0-1"]
[WhiteElo "2363"]
[BlackElo "2485"]
[PlyCount "82"]
[EventDate "2018.12.27"]
[EventType "swiss"]
[EventCountry "ITA"]
[TimeControl "5400+30"]
[WhiteClock "0:50:20"]
[BlackClock "0:01:00"]

1. e4 {[%emt 0:04:30]} e6 {[%emt 0:00:00]} 2. d4 {[%emt 0:00:17]} d5 {[%emt 0:00:19]} 3. Nd2 {[%emt 0:00:08]} Nf6 {[%emt 0:02:30]} 4. e5 {[%emt 0:00:07]} Nfd7 {[%emt 0:00:23]} 5. Bd3 {[%emt 0:00:15]} c5 {[%emt 0:00:10]} 6. c3 {[%emt 0:00:05]} Nc6 {[%emt 0:00:07]} 7. Ne2 {[%emt 0:00:11]} cxd4 {[%emt 0:00:19]} 8. cxd4 {[%emt 0:00:07]} f6 {[%emt 0:00:07]} 9. exf6 {[%emt 0:00:14]} Nxf6 {[%emt 0:00:11]} 10. O-O {[%emt 0:00:19]} Bd6 {[%emt 0:00:08]} 11. Nf3 {[%emt 0:00:08]} O-O {[%emt 0:00:32]} 12. Bf4 {[%emt 0:03:35]} Nh5 {[%emt 0:00:26]} 13. Bxd6 {[%emt 0:15:53]} Qxd6 {[%emt 0:00:14]} 14. Qd2 {[%emt 0:00:06]} Bd7 {[%emt 0:03:29]} 15. Qe3 {[%emt 0:04:27]} Nb4 {[%emt 0:07:51]} 16. Ne5 {[%emt 0:03:36]} Nxd3 {[%emt 0:01:32]} 17. Qxd3 {[%emt 0:01:48]} a6 {[%emt 0:00:22]} 18. a4 {[%emt 0:04:24]} Rac8 {[%emt 0:01:40]} 19. g3 {[%emt 0:02:38]} Be8 {[%emt 0:00:53]} 20. b3 {[%emt 0:02:33]} b5 {[%emt 0:01:47]} 21. f3 {[%emt 0:16:50]} Nf6 {[%emt 0:03:31]} 22. Rfe1 {[%emt 0:10:38]} bxa4 {[%emt 0:08:42]} 23. bxa4 {[%emt 0:00:06]} Nd7 {[%emt 0:00:22]} 24. Nf4 {[%emt 0:02:05]} Rf5 {[%emt 0:03:56]} 25. Qe3 {[%emt 0:11:26]} Nxe5 {[%emt 0:01:47]} 26. dxe5 {[%emt 0:00:02]} Qe7 {[%emt 0:00:15]} 27. Ne2 {[%emt 0:03:11]} Rf8 {[%emt 0:00:50]} 28. Nd4 {[%emt 0:03:36]} Rc4 {[%emt 0:00:07]} 29. Rec1 {[%emt 0:01:06]} Qc5 {[%emt 0:01:26]} 30. Rxc4 {[%emt 0:04:31]} dxc4 {[%emt 0:00:17]} 31. Ra3 {[%emt 0:00:55]} Bd7 {[%emt 0:01:07]} 32. Rc3 {[%emt 0:02:36]} Rb8 {[%emt 0:00:50]} 33. Kg2 {[%emt 0:00:42]} Bxa4 {[%emt 0:03:10]} 34. g4 {[%emt 0:03:03]} Bd7 {[%emt 0:03:08]} 35. Kg3 {[%emt 0:00:16]} a5 {[%emt 0:01:18]} 36. h4 {[%emt 0:01:01]} a4 {[%emt 0:00:13]} 37. h5 {[%emt 0:00:10]} h6 {[%emt 0:00:55]} 38. Kf2 {[%emt 0:00:46]} Rb2+ {[%emt 0:03:03]} 39. Kg3 {[%emt 0:00:03]} Rb1 {[%emt 0:00:46]} 40. Nf5 {[%emt 0:01:03]} Qxe3 {[%emt 0:01:03]} 41. Nxe3 {[%emt 0:00:03]} Rb3 {[%emt 0:00:24]} 0-1

[Event "3rd Vergani Cup 2018"]
[Site "Montebelluna"]
[Date "2019.01.02"]
[Round "?"]
[White "Di Benedetto, Edoardo"]
[Black "Andriasian, Zaven"]
[Result "1/2-1/2"]
[WhiteElo "2324"]
[BlackElo "2604"]
[Annotator "TA"]
[PlyCount "68"]
[EventDate "2018.12.27"]
[EventType "swiss"]
[EventCountry "ITA"]

{[%evp 10,68,54,48,91,68,68,68,66,67,67,71,102,75,72,59,65,0,32,27,67,38,51,50,47,41,57,35,41,17,52,24,44,27,68,58,58,0,36,19,23,0,14,-10,11,0,23,0,4,-19,0,-13,13,0,0,0,0,-16,24,0,14]} 1. d4 Nf6 2. c4 c5 3. d5 e5 4. Nc3 d6 5. g3 Be7 6. Bg2 {LiveBook: 83 Games. A56: Czech Benoni} (6. e4 O-O 7. Bg2 a6 8. a4 Nbd7 9. Nge2 Ne8 10. Qd3 g6 11. Bh6 Ng7 12. O-O Nf6 13. f3 Kh8 14. a5 Ng8 15. Bd2 {1-0 (34) Wojtaszek,R (2749)-Brodowski,P (2444) Tallinn 2016}) 6... h5 7. h4 Na6 8. Nf3 $146 {White is slightly better.} ({Predecessor:} 8. e4 Nc7 9. Nge2 a6 10. a4 b6 11. Rb1 a5 12. f3 Na6 {1-0 (38) Nyback,T (2598)-Schuls,O (2224) Puhajarve 2012}) 8... Nc7 9. O-O Rb8 10. a4 b6 11. Ng5 O-O 12. e4 a6 13. f4 (13. b3 $14) 13... Bg4 14. Qd3 Qd7 15. Bd2 b5 16. axb5 axb5 17. b3 Rb7 18. Ra5 Rfb8 19. Rfa1 g6 20. Ra7 bxc4 21. bxc4 Nh7 22. Rxb7 Rxb7 23. Rb1 (23. fxe5 $14 dxe5 24. Nxh7 Kxh7 25. Nd1) 23... Ne8 24. Rxb7 (24. Nb5 {looks sharper.} exf4 25. gxf4 Bf8 26. Bc3 Nc7 27. Bf1) 24... Qxb7 25. Qb1 Qa7 26. Qa2 Qb7 27. Qb1 Qc8 28. Qb6 Qa8 29. Qb5 Nhf6 30. Qa4 Qc8 31. Qc6 Qb8 {[#] And now ...Qb2 would win.} 32. Qb5 Qa8 33. Qa4 Qb8 34. Qb5 Qa8 {Accuracy: White = 26%, Black = 38%.} 1/2-1/2

[Event "3rd Vergani Cup 2018"]
[Site "Montebelluna"]
[Date "2019.01.02"]
[Round "?"]
[White "Di Benedetto, Edoardo"]
[Black "Alok Sinha"]
[Result "1-0"]
[WhiteElo "2324"]
[BlackElo "2187"]
[PlyCount "81"]
[EventDate "2018.12.27"]
[EventType "swiss"]
[EventCountry "ITA"]
[TimeControl "5400+30"]
[WhiteClock "0:15:54"]
[BlackClock "1:11:34"]

1. d4 {[%emt 0:03:14]} d5 {[%emt 0:00:00]} 2. c4 {[%emt 0:00:07]} c6 {[%emt 0:00:00]} 3. Nf3 {[%emt 0:00:16]} Nf6 {[%emt 0:00:00]} 4. Nc3 {[%emt 0:00:15]} e6 {[%emt 0:00:00]} 5. e3 {[%emt 0:00:14]} Nbd7 {[%emt 0:00:02]} 6. Bd3 {[%emt 0:00:24]} dxc4 {[%emt 0:00:08]} 7. Bxc4 {[%emt 0:00:16]} b5 {[%emt 0:00:05]} 8. Bd3 {[%emt 0:00:19]} Bd6 {[%emt 0:00:07]} 9. Qc2 {[%emt 0:00:18]} Bb7 {[%emt 0:00:36]} 10. e4 {[%emt 0:00:05]} e5 {[%emt 0:01:03]} 11. Bg5 {[%emt 0:00:05]} Qc7 {[%emt 0:07:43]} 12. O-O-O {[%emt 0:01:18]} b4 {[%emt 0:10:58]} 13. Na4 {[%emt 0:01:07]} O-O {[%emt 0:04:57]} 14. dxe5 {[%emt 0:00:48]} Nxe5 {[%emt 0:05:27]} 15. Bxf6 {[%emt 0:01:09]} gxf6 {[%emt 0:00:13]} 16. Nxe5 {[%emt 0:05:53]} fxe5 {[%emt 0:01:39]} 17. Nc5 {[%emt 0:00:49]} Bc8 {[%emt 0:03:40]} 18. Kb1 {[%emt 0:00:51]} Rb8 {[%emt 0:03:58]} 19. Be2 {[%emt 0:01:37]} Rd8 {[%emt 0:04:29]} 20. Rd3 {[%emt 0:02:17]} Bxc5 {[%emt 0:14:59]} 21. Rxd8+ {[%emt 0:02:03]} Qxd8 {[%emt 0:00:05]} 22. Qxc5 {[%emt 0:00:05]} Qc7 {[%emt 0:02:26]} 23. Bc4 {[%emt 0:02:50]} Be6 {[%emt 0:07:23]} 24. Bxe6 {[%emt 0:00:56]} fxe6 {[%emt 0:00:06]} 25. Rc1 {[%emt 0:01:29]} Rb6 {[%emt 0:01:54]} 26. Rd1 {[%emt 0:01:34]} Rb5 {[%emt 0:04:15]} 27. Qd6 {[%emt 0:02:47]} Qxd6 {[%emt 0:02:56]} 28. Rxd6 {[%emt 0:00:03]} Rc5 {[%emt 0:00:29]} 29. Rxe6 {[%emt 0:00:37]} Kf7 {[%emt 0:01:42]} 30. Rd6 {[%emt 0:00:04]} a5 {[%emt 0:00:15]} 31. Rd7+ {[%emt 0:00:18]} Kg6 {[%emt 0:00:52]} 32. Rd2 {[%emt 0:00:23]} Rc4 {[%emt 0:05:53]} 33. f3 {[%emt 0:00:15]} c5 {[%emt 0:01:39]} 34. b3 {[%emt 0:00:46]} Rd4 {[%emt 0:00:53]} 35. Kc2 {[%emt 0:00:58]} h5 {[%emt 0:01:32]} 36. Rxd4 {[%emt 0:01:02]} cxd4 {[%emt 0:01:13]} 37. h4 {[%emt 0:00:49]} Kf6 {[%emt 0:00:17]} 38. Kd3 {[%emt 0:00:06]} Ke6 {[%emt 0:00:04]} 39. f4 {[%emt 0:00:18]} Kf6 {[%emt 0:00:04]} 40. fxe5+ {[%emt 0:00:05]} Kxe5 {[%emt 0:00:04]} 41. g3 {[%emt 0:00:06]} 1-0

[Event "3rd Vergani Cup 2018"]
[Site "Montebelluna"]
[Date "2019.01.02"]
[Round "?"]
[White "Di Benedetto, Edoardo"]
[Black "Gallana, Marco"]
[Result "1/2-1/2"]
[WhiteElo "2324"]
[BlackElo "2247"]
[PlyCount "115"]
[EventDate "2018.12.27"]
[EventType "swiss"]
[EventCountry "ITA"]
[TimeControl "5400+30"]
[WhiteClock "0:07:32"]

1. Nf3 {[%emt 0:08:55]} Nf6 {[%emt 0:00:00]} 2. b3 {[%emt 0:00:09]} g6 {[%emt 0:00:02]} 3. Bb2 {[%emt 0:00:08]} Bg7 {[%emt 0:00:21]} 4. c4 {[%emt 0:00:05]} c5 {[%emt 0:02:13]} 5. g3 {[%emt 0:00:17]} b6 {[%emt 0:00:24]} 6. Bg2 {[%emt 0:00:20]} Bb7 {[%emt 0:00:10]} 7. O-O {[%emt 0:00:05]} O-O {[%emt 0:00:12]} 8. Nc3 {[%emt 0:08:25]} d5 {[%emt 0:16:28]} 9. Nxd5 {[%emt 0:00:30]} Nxd5 {[%emt 0:00:21]} 10. Bxg7 {[%emt 0:00:05]} Kxg7 {[%emt 0:00:31]} 11. cxd5 {[%emt 0:00:07]} Qxd5 {[%emt 0:01:09]} 12. d4 {[%emt 0:00:25]} Na6 {[%emt 0:23:59]} 13. e4 {[%emt 0:07:49]} Qd6 {[%emt 0:02:39]} 14. d5 {[%emt 0:03:03]} e6 {[%emt 0:01:50]} 15. Nd2 {[%emt 0:02:33]} exd5 {[%emt 0:03:57]} 16. Nc4 {[%emt 0:00:24]} Qd7 {[%emt 0:12:43]} 17. exd5 {[%emt 0:00:05]} Rad8 {[%emt 0:01:42]} 18. Qd2 {[%emt 0:01:20]} Qf5 {[%emt 0:02:47]} 19. Ne3 {[%emt 0:00:53]} Qf6 {[%emt 0:00:29]} 20. Rad1 {[%emt 0:06:33]} h5 {[%emt 0:00:34]} 21. d6 {[%emt 0:05:47]} Bxg2 {[%emt 0:00:58]} 22. Kxg2 {[%emt 0:00:05]} Nb4 {[%emt 0:01:10]} 23. Nd5 {[%emt 0:00:59]} Nxd5 {[%emt 0:04:43]} 24. Qxd5 {[%emt 0:00:12]} Rd7 {[%emt 0:00:20]} 25. Rd3 {[%emt 0:05:03]} Re8 {[%emt 0:00:51]} 26. Qc6 {[%emt 0:03:31]} Red8 {[%emt 0:04:06]} 27. Rfd1 {[%emt 0:00:10]} h4 {[%emt 0:02:07]} 28. g4 {[%emt 0:00:11]} h3+ {[%emt 0:04:16]} 29. Rxh3 {[%emt 0:00:50]} Rxd6 {[%emt 0:00:08]} 30. Rxd6 {[%emt 0:00:06]} Qxd6 {[%emt 0:00:30]} 31. Qxd6 {[%emt 0:00:10]} Rxd6 {[%emt 0:00:09]} 32. Re3 {[%emt 0:01:24]} Rd2 {[%emt 0:01:02]} 33. a4 {[%emt 0:00:30]} Rd4 {[%emt 0:01:05]} 34. h3 {[%emt 0:45:51]} g5 {[%emt 0:13:04]} 35. Re7 {[%emt 0:00:00]} Rb4 {[%emt 0:00:30]} 36. Rxa7 {[%emt 0:01:00]} Rxb3 {[%emt 0:00:30]} 37. Rc7 {[%emt 0:00:30]} Rb4 {[%emt 0:00:30]} 38. a5 {[%emt 0:00:30]} bxa5 {[%emt 0:00:30]} 39. Rxc5 {[%emt 0:00:30]} f6 {[%emt 0:00:30]} 40. Rxa5 {[%emt 0:00:30]} Rb3 {[%emt 0:00:00]} 41. f3 {[%emt 0:00:30]} Kg6 {[%emt 0:01:00]} 42. Kg3 {[%emt 0:00:30]} Rc3 {[%emt 0:00:30]} 43. Rf5 {[%emt 0:00:30]} Rc1 {[%emt 0:00:30]} 44. h4 {[%emt 0:00:30]} gxh4+ {[%emt 0:00:30]} 45. Kxh4 {[%emt 0:00:30]} Rh1+ {[%emt 0:00:30]} 46. Kg3 {[%emt 0:00:30]} Ra1 {[%emt 0:00:30]} 47. Rb5 {[%emt 0:00:30]} Ra3 {[%emt 0:00:30]} 48. Rb4 {[%emt 0:00:00]} Kg5 {[%emt 0:00:30]} 49. Rb5+ {[%emt 0:01:00]} Kg6 {[%emt 0:00:00]} 50. Rd5 {[%emt 0:00:00]} Rb3 {[%emt 0:00:00]} 51. Kf4 {[%emt 0:00:00]} Rb4+ {[%emt 0:01:30]} 52. Ke3 {[%emt 0:01:30]} Rb3+ {[%emt 0:00:00]} 53. Ke4 {[%emt 0:00:00]} Rb4+ {[%emt 0:00:00]} 54. Ke3 {[%emt 0:00:00]} Rb3+ {[%emt 0:01:30]} 55. Rd3 {[%emt 0:01:30]} Rxd3+ {[%emt 0:00:00]} 56. Kxd3 {[%emt 0:00:00]} f5 {[%emt 0:00:00]} 57. Ke3 {[%emt 0:00:00]} fxg4 {[%emt 0:00:00]} 58. Ke4 {[%emt 0:01:30]} 1/2-1/2